00935nam a2200241 a 450000100100000000500170001000800410002702000150006804000250008304100380010808200170014610000270016324000430019024501020023326000430033530000200037853400860039865000330048470000290051704900090054695201210055599900170067600001884620260116105540.0100519s1994 ag 000 f spa d a9501514005 aDO-SdBNPbspacBNPHU17aspaheng2Código de idioma MARC a158.1bN894p1 aNorwood, Robin,94060510aWhy me, why this, why now.lEspañol.10aPor qué a mí, por qué esto, por qué ahora /cRobin Norwood ; traducción de Edith Zilli. aBuenos Aires :bJavier Vergara,c1994. a209p. ;c22 cm. pTítulo original en inglés:tWhy me, why this, why now.cCarol Southern Books. 0aPsicología aplicada 915791 aZilli, Edith,etr.93228 aBNGR 001054708MOaGRbGRcCTd2010-05-19iLF1l0o158.1 N894pp18846-10r2020-06-25w2020-06-25y4ZPréstamo en sala c18366d18366